000 00563nam a2200205Ia 4500
005 20250923145712.0
008 008 250917s9999 xx 000 0 eng d
037 _aTextual
040 _aDSWL
_beng
_cDSWL
041 _aeng
_2eng
084 _aXN51x, N81
_qDSWL
100 _aTandon, V.
_9838107
245 0 _aSelections from vinoba
_c by V.Tandon
260 _aVaranasi
_bSatva Seva Sangh Prak.
_c1981
300 _axiii,356 p.
365 _aINR
_b45.00
925 _g45.00
942 _cTEXL
_hXN51x, N81
999 _c1454536
_d1454536